| 000 | 00789nam a22002657a 4500 | ||
|---|---|---|---|
| 005 | 20260304095023.0 | ||
| 008 | 260303b |||||||| |||| 00| 0 eng d | ||
| 020 | _a9789348619075 | ||
| 040 | _cAL | ||
| 041 | _aEnglish | ||
| 082 |
_a005.133 _bPILP |
||
| 100 |
_aBharathi Pillar _9257605 |
||
| 245 | _aPython Programming | ||
| 260 |
_aMangaluru _bUnited Agencies _c2026 |
||
| 300 |
_a vi,197p. _bPB _c20.5x14.5cm. |
||
| 365 |
_a5894 _b₹144.00 _c₹ _d₹180.00 _e20% _f10-02-2026 |
||
| 650 |
_aIV SEM and VI SEM BCA _9257495 |
||
| 650 |
_aPython Language _9257606 |
||
| 650 |
_aData Types _9257607 |
||
| 650 |
_aObject-Oriented Programming _9257608 |
||
| 650 |
_aData Analysis _9257609 |
||
| 700 |
_aSanthosh, B _9257496 |
||
| 700 |
_aKumar Prakash ,P _9257497 |
||
| 942 |
_2ddc _cBK |
||
| 999 |
_c240989 _d240989 |
||